Coronación
I tiakina i:
| Kaituhi matua: | |
|---|---|
| Hōputu: | Pukapuka |
| Reo: | Pāniora |
| I whakaputaina: |
Santiago
Suma de Letras
2002
|
| Rangatū: | Punto de Lectura, 297
|
| Ngā marau: | |
| Ngā Tūtohu: |
Tāpirihia he Tūtohu
Kāore He Tūtohu, Me noho koe te mea tuatahi ki te tūtohu i tēnei pūkete!
|
MARC
| LEADER | 00000nam a2200000 a 4500 | ||
|---|---|---|---|
| 001 | UCM8582 | ||
| 003 | CL-VaPUC | ||
| 008 | 030321e20020500cl |||||||||||||||||spa|d | ||
| 020 | |a 9562392104 | ||
| 082 | 0 | 4 | |a Ch863 |b DON |2 21 |
| 100 | 0 | |a Donoso, José |e author |9 313758 | |
| 245 | 1 | 0 | |a Coronación |
| 300 | |a 341 p | ||
| 942 | |c BK | ||
| 945 | |d 20030321 00:00:00 |a vberengu | ||
| 260 | |a Santiago |b Suma de Letras |c 2002 | ||
| 650 | 0 | |a Novelas chilenas |9 265425 | |
| 650 | 0 | |a Literatura chilena |9 308278 | |
| 583 | |a last modification |c 20171213 06:32:18 |k Rodrigo Vera | ||
| 490 | 0 | |a Punto de Lectura, 297 | |
| 999 | |c 303044 |d 303042 | ||
| 952 | |0 0 |1 0 |4 0 |6 CH_863_000000000000000_DON_2002 |7 0 |8 A |9 363991 |a BIBTEO |b BIBTEO |d 2019-11-21 |i 3887197 |o Ch863 DON 2002 |p 3887197 |r 2025-01-17 |w 2019-11-21 |y BK |k ICR | ||
| 952 | |0 0 |1 0 |4 0 |6 CH_863_000000000000000_DON_2002 |7 0 |8 A |9 363992 |a BIBEDU |b BIBEDU |d 2019-11-21 |i 4130898 |o Ch863 DON 2002 |p 4130898 |r 2019-11-21 |w 2019-11-21 |y BK |k LIT | ||